000 01476nam0a22002891 4500
001 rc\547551
005 20030616170017.8
035 _a(NLR Aleph) 005783826
090 _a5134842
_c5134842
100 _a20030616d1987 u |0rusy50 ca
101 0 _arus
102 _aRU
105 _aa |||||||||
200 1 _aСовершенствование конструкции и технологии изготовления железобетонных напорных центрифугированных труб со стальным цилиндром
_fК. т. н. А.Л. Ционский, А.Е. Шмурнов
210 _aМ.
_cВНИИЭСМ
_d1987
215 _a69 с.
_cил.
_d20
225 1 _aПромышленность строительных материалов
_hСерия 3
_iПромышленность сборного железобетона
_eОбзор. информ.
_fВНИИ НТИ и экономики пром-сти строит. материалов
_vВып. 2
300 _aНа обл. авт. не указаны
300 _aВ надзаг. также: М-во пром-сти строит. матералов СССР
320 _aБиблиогр.: с. 63-68
700 1 _aЦионский
_bА. Л.
_gАлександр Львович
701 1 _aШмурнов
_bА. Е.
_gАлександр Евгеньевич
801 0 _aRU
_bNLR
_gpsbo
801 1 _aRU
_bELAR
_2rusmarc
852 _aNLR
_jП10/5820
942 _cBOOK
980 _aNB